Gua̕ de consultas laborales y explicaciones prc̀ticas (Cd̤igo del Trabajo y Leyes Laborales) Tomo II

Detalles Bibliográficos
Formato: eBook
Lenguaje:español
Materias:
Acceso en línea:Acceso restringido

MARC

LEADER 00000nam a22000007a 4500
005 20220624220357.0
007 cr|||| ||||
008 220624s2021 cl |||||s|||| 00||0 spa d
020 |a 978-956-8193-33-1 
035 |a 36599 
040 |a vLex 
090 |c 13463  |d 13463 
245 0 0 |a Gua̕ de consultas laborales y explicaciones prc̀ticas  |h [Recurso electrn̤ico] :  |b (Cd̤igo del Trabajo y Leyes Laborales)  |n Tomo II 
256 |a Servicio en ln̕ea 
300 |a 1 recurso electrn̤ico 
506 1 |a Disponible solo en los productos indicados  |d vLex Global  |d vLex Global (Academic Edition, excluding Law Schools)  |d vLex Global (U.S. Academic Edition, Law Schools)  |d vLex Global (U.S. Academic Edition, excluding Law Schools)  |d vLex Global (Academic Edition, Law Schools) 
650 0 4 |a Derecho Laboral y Seguridad Social  |z Chile 
740 0 |a vLex Libros (Servicio en ln̕ea) 
856 4 0 |u https://app.vlex.com/#/sources/36599  |z Acceso restringido 
942 |c BOOK 
999 0 |a Labor law and social security